000 00685nam a2200253Ia 4500
003 OSt
005 20221007075923.0
006 a|||||r|||| 00| 0
007 ta
008 221006b |||||||| |||| 00| 0 eng d
020 _a8187498811
024 _a6,482
037 _cTextual
040 _aFLL
_cFLL
_beng
041 _2eng
_aeng
082 _aX:89ZB:Z, P3
100 _aRaina S. C. Au.
_9694380
245 0 _aLaw and Development
260 _aNew Delhi
_bRegency Publications India
_c2003
300 _axvi,416p
_ccm.
700 _a Razdan U. S.
_9694381
942 _hX:89ZB:Z, P3
_cTEXL
_2CC
999 _c1157822
_d1157822